000 00447nam a2200181Ia 4500
001 11450
005 20260306162829.0
008 260306t2013||||xx |||||||||||||| ||spa||
041 _aESP
082 _a985.04
_bP43 T. 1
100 _aContreras Carranza, carlos
_eAUT
245 0 _aPerú crisis imperial e independencia
260 _c2013
300 _a336 páginas :
_c19 cm.
650 _aGEN
654 _aCHU
942 _cLIB
_dJUS
_fJUS
_2ddc
_n
999 _c11450
_d11450